000 01025nam a22002777a 4500
005 20240530110526.0
008 150601s2005 ku a g b 000 0 ara d
040 _aEG-CaGPL
082 0 4 _221
_a306.42\
_bس و
100 0 _aسليمان صالح .
245 1 0 _aوسائل الاعلام و صناعة الصور الذهنية /
_cتاليف سليمان صالح .
250 _aط1.
260 _aالكويت :
_bمكتبة الفلاح للنشر و التوزيع ،
_c2005 .
300 _a421 ص ؛
_c24 سم .
504 _aيشتمل على ارجاعات ببليوجرافية
650 0 4 _aوسائل الاعلام .
650 0 4 _aوسائل الاعلام
_xصناعة الصور .
650 0 4 _aالتليفزيون .
650 0 4 _aالصحف .
650 0 4 _aوسائل الاعلام
_xالجوانب السياسية .
650 0 4 _aالرأى العام .
650 0 4 _aالانباء .
650 0 4 _aالاعلام .
942 _2ddc
_cBK
999 _c61996
_d61996